La Administración local / Luis Morell Ocaña
ISBN:
84-309-1106-5
Descripción Física:
180 p. ; 18 cm
Colección:
Temas clave de la Constitución Española
MARC
| LEADER | 00000nam a2200000Ia 4500 | ||
|---|---|---|---|
| 001 | 17453 | ||
| 008 | 160829s1984 xx 000 0 cat d | ||
| 020 | |a 84-309-1106-5 | ||
| 080 | |a D-3-91 | ||
| 100 | |a Morell Ocaña, Luis |9 16057 | ||
| 245 | |a La Administración local / Luis Morell Ocaña | ||
| 260 | |a Madrid : |b Tecnos, |c 1984 | ||
| 300 | |a 180 p. ; |c 18 cm | ||
| 490 | |a Temas clave de la Constitución Española | ||
| 590 | |a Bibliografia | ||
| 650 | |a Municipis |x Govern i administració |x Espanya |9 23379 | ||
| 650 | 0 | |a Administració local |z Espanya |9 37433 | |
| 650 | 0 | |a Administració local |x Dret i legislació |z Espanya |9 11255 | |
| 901 | |a Arxiu | ||
| 942 | |n 1 | ||
| 952 | |0 1 |1 0 |2 udc |4 0 |5 2 |6 D391 |7 1 |9 42711 |a Arxiu |b Arxiu |d 2016-12-01 |l 0 |o D-3-91 |p 17453 |r 2016-12-01 00:00:00 |w 2016-12-01 |y ARXIU | ||
| 999 | |c 45217 |d 45217 | ||